[Event "RA-2015-0-00410"]
[Site "LSS email"]
[Date "2015.09.05"]
[Round "?"]
[White "Latib, Yunus"]
[Black "Cimicki, Dariusz"]
[Result "1/2-1/2"]
[WhiteElo "2174"]
[BlackElo "2213"]
[PlyCount "130"]
[EventDate "2015.08.03"]
[EventType "tourn (corr)"]
[EventRounds "6"]
[EventCountry "GER"]
[SourceTitle "Corr 2022"]
[Source "ChessBase"]
[SourceDate "2021.10.24"]
[SourceVersion "1"]
[SourceVersionDate "2021.10.24"]
[SourceQuality "1"]

1. d4 Nf6 2. c4 g6 3. Nc3 Bg7 4. e4 d6 5. Nf3 0-0 6. Be2 e5 7. 0-0 Nc6 8. d5 Ne7 9. Be3 Ng4 10. Bd2 f5 11. Ng5 Nf6 12. f3 c6 13. Be3 Bh6 14. h4 f4 15. Bf2 c5 16. a3 Nh5 17. b4 b6 18. Qd2 Bxg5 19. hxg5 Bd7 20. Qe1 Nc8 21. Bh4 h6 22. Bf2 hxg5 23. Kh2 Kg7 24. Rh1 Ne7 25. Kg1 Rh8 26. Rb1 Nf6 27. g4 fxg3 28. Bxg3 Nh5 29. bxc5 bxc5 30. Bf2 Qc7 31. Nb5 Bxb5 32. Rxb5 Nf4 33. Bg3 Rxh1+ 34. Kxh1 Rh8+ 35. Kg1 Nc8 36. a4 Kf6 37. a5 Qh7 38. Kf2 Qd7 39. Qb1 Qc7 40. Qc2 Rh1 41. Rb1 Qh7 42. Ke3 Qh3 43. Rxh1 Qxh1 44. Qd1 Qg2 45. Bf2 g4 46. fxg4 Qh3+ 47. Bf3 Qh6 48. Bg3 Nxd5+ 49. Kf2 Qe3+ 50. Kg2 Nf4+ 51. Bxf4 Qxf4 52. Qd3 Kg5 53. Be2 Qc1 54. Kf2 a6 55. Kg2 Qe1 56. Qe3+ Kf6 57. g5+ Ke7 58. Kh3 Ke8 59. Qd3 Qh1+ 60. Kg3 Qg1+ 61. Kh3 Qxg5 62. Bg4 Qd8 63. Qb3 Qc7 64. Qf3 Qh7+ 65. Kg3 Ne7 1/2-1/2

[Event "RA-2015-0-00410"]
[Site "LSS email"]
[Date "2015.09.05"]
[Round "?"]
[White "Latib, Yunus"]
[Black "Corti, Horacio"]
[Result "1/2-1/2"]
[WhiteElo "2174"]
[BlackElo "2306"]
[PlyCount "155"]
[EventDate "2015.08.03"]
[EventType "tourn (corr)"]
[EventRounds "6"]
[EventCountry "GER"]
[SourceTitle "Corr 2022"]
[Source "ChessBase"]
[SourceDate "2021.10.24"]
[SourceVersion "1"]
[SourceVersionDate "2021.10.24"]
[SourceQuality "1"]

1. e4 c5 2. Nf3 d6 3. d4 cxd4 4. Nxd4 Nf6 5. Nc3 a6 6. Be3 e5 7. Nb3 Be6 8. f3 Be7 9. Qd2 0-0 10. 0-0-0 Nbd7 11. g4 b5 12. g5 b4 13. gxf6 bxc3 14. Qxc3 Nxf6 15. Na5 Qe8 16. Nc6 Rc8 17. Nxe7+ Qxe7 18. Qa5 Rc6 19. Kb1 Rfc8 20. Rd2 Nh5 21. Be2 Nf4 22. Bxf4 exf4 23. c3 Rb8 24. Rhd1 h6 25. Ka1 Qf6 26. Rc1 Qe5 27. Qxe5 dxe5 28. h4 f6 29. Bd1 g5 30. Ba4 Rcc8 31. Rd6 Kf7 32. hxg5 hxg5 33. Rxa6 Rh8 34. b3 Rbd8 35. Bb5 Rh3 36. Ra7+ Kg6 37. Re7 Bc8 38. Rf1 g4 39. fxg4 f3 40. Kb2 Rh2+ 41. Ka3 Bxg4 42. c4 Ra8+ 43. Kb4 f2 44. c5 Rb8 45. a4 Bh3 46. Rd1 f1Q 47. Rxf1 Bxf1 48. c6 Rc2 49. Rb7 Bxb5 50. axb5 Rc8 51. Rd7 f5 52. Rd6+ Kg5 53. b6 R8xc6 54. b7 Rxd6 55. b8Q Rd4+ 56. Ka5 Rxe4 57. Qg8+ Kf4 58. Qe6 Ra2+ 59. Kb5 Rh2 60. b4 Rd4 61. Kc5 Rc2+ 62. Kb5 Ke4 63. Qh6 Rd5+ 64. Kb6 Rc3 65. Qh1+ Kd4 66. b5 e4 67. Qd1+ Ke5 68. Qa1 Rdd3 69. Ka7 f4 70. b6 Kf5 71. Qh1 Ra3+ 72. Kb8 f3 73. Qh3+ Kf4 74. Qh4+ Ke3 75. Qe1+ Kd4 76. Qb4+ Ke3 77. Qe1+ Kd4 78. Qb4+ 1/2-1/2

[Event "RA-2015-0-00387"]
[Site "LSS email"]
[Date "2015.04.18"]
[Round "?"]
[White "Willmann, Bernd"]
[Black "Latib, Yunus"]
[Result "1/2-1/2"]
[WhiteElo "2266"]
[BlackElo "2128"]
[PlyCount "79"]
[EventDate "2015.04.01"]
[EventType "tourn (corr)"]
[EventRounds "6"]
[EventCountry "GER"]
[SourceTitle "Corr 2022"]
[Source "ChessBase"]
[SourceDate "2021.10.24"]
[SourceVersion "1"]
[SourceVersionDate "2021.10.24"]
[SourceQuality "1"]

1. d4 e6 2. e4 d5 3. Nc3 Nf6 4. e5 Nfd7 5. f4 c5 6. Nf3 Nc6 7. Be3 Be7 8. Qd2 0-0 9. dxc5 Nxc5 10. 0-0-0 b6 11. Kb1 Bb7 12. Qe1 Qc7 13. Nb5 Qd7 14. g4 Rfc8 15. h4 Ne4 16. h5 Ba6 17. Rh2 Bxb5 18. Bxb5 a6 19. Bf1 Nb4 20. Nd4 Qa4 21. a3 Nc6 22. Nxc6 Qxc6 23. Bd3 b5 24. f5 b4 25. axb4 Rab8 26. c3 a5 27. b5 Rxb5 28. Bxb5 Qxb5 29. Bd4 h6 30. Qe2 Rc4 31. Rh3 Bg5 32. Qc2 a4 33. Ka1 Rc8 34. Rhh1 Qc6 35. fxe6 fxe6 36. Rhe1 Rb8 37. Re2 Ng3 38. Rg2 Ne4 39. Qd3 Be7 40. Rh2 1/2-1/2

[Event "RA-2015-0-00386"]
[Site "LSS email"]
[Date "2015.04.09"]
[Round "?"]
[White "Cimicki, Dariusz"]
[Black "Latib, Yunus"]
[Result "1/2-1/2"]
[WhiteElo "2247"]
[BlackElo "2128"]
[PlyCount "49"]
[EventDate "2015.03.26"]
[EventType "tourn (corr)"]
[EventRounds "6"]
[EventCountry "GER"]
[SourceTitle "Corr 2022"]
[Source "ChessBase"]
[SourceDate "2021.10.24"]
[SourceVersion "1"]
[SourceVersionDate "2021.10.24"]
[SourceQuality "1"]

1. e4 c5 2. Nf3 d6 3. d4 cxd4 4. Nxd4 Nf6 5. Nc3 a6 6. Be3 e5 7. Nb3 Be6 8. h3 Be7 9. Qf3 0-0 10. 0-0-0 b5 11. g4 b4 12. Nd5 Nxd5 13. exd5 Bd7 14. Nd2 f5 15. Nc4 a5 16. Nxe5 dxe5 17. d6 Bc6 18. Bc4+ Kh8 19. dxe7 Qxe7 20. Bd5 f4 21. Bxc6 fxe3 22. Qxf8+ Qxf8 23. Bxa8 Na6 24. Bg2 exf2 25. Rhf1 1/2-1/2

[Event "RA-2015-0-00386"]
[Site "LSS email"]
[Date "2015.04.09"]
[Round "?"]
[White "Latib, Yunus"]
[Black "Willmann, Bernd"]
[Result "1/2-1/2"]
[WhiteElo "2128"]
[BlackElo "2282"]
[PlyCount "42"]
[EventDate "2015.03.26"]
[EventType "tourn (corr)"]
[EventRounds "6"]
[EventCountry "GER"]
[SourceTitle "Corr 2022"]
[Source "ChessBase"]
[SourceDate "2021.10.24"]
[SourceVersion "1"]
[SourceVersionDate "2021.10.24"]
[SourceQuality "1"]

1. e4 e5 2. Nf3 Nc6 3. Bb5 Nf6 4. 0-0 Nxe4 5. d4 Nd6 6. Bxc6 dxc6 7. dxe5 Nf5 8. Qxd8+ Kxd8 9. Rd1+ Ke8 10. Nc3 Be7 11. Ne2 b6 12. c3 c5 13. Nf4 Bb7 14. Nd5 Bxd5 15. Rxd5 Rd8 16. Rxd8+ Kxd8 17. g4 Nh4 18. Nxh4 Bxh4 19. Kg2 Kd7 20. Be3 Ke6 21. f4 g5 1/2-1/2

[Event "RA-2015-0-00386"]
[Site "LSS email"]
[Date "2015.04.09"]
[Round "?"]
[White "Susla, Vitaliy"]
[Black "Latib, Yunus"]
[Result "1/2-1/2"]
[WhiteElo "2292"]
[BlackElo "2128"]
[PlyCount "59"]
[EventDate "2015.03.26"]
[EventType "tourn (corr)"]
[EventRounds "6"]
[EventCountry "GER"]
[SourceTitle "Corr 2022"]
[Source "ChessBase"]
[SourceDate "2021.10.24"]
[SourceVersion "1"]
[SourceVersionDate "2021.10.24"]
[SourceQuality "1"]

1. e4 c5 2. Nf3 Nc6 3. d4 cxd4 4. Nxd4 e5 5. Nb5 d6 6. N1c3 a6 7. Na3 Rb8 8. Nd5 Nce7 9. Nb6 Nf6 10. Nac4 d5 11. exd5 Nexd5 12. Nxd5 Nxd5 13. Nxe5 Bd6 14. Nc4 Bc7 15. Ne3 Be6 16. g3 Qe7 17. Bg2 Rd8 18. Qh5 g6 19. Qh6 Ba5+ 20. Kf1 Bb6 21. Bf3 Nxe3+ 22. Bxe3 Bc4+ 23. Kg1 Bxe3 24. Qxe3 Qxe3 25. fxe3 Ke7 26. h4 Rd2 27. b3 Bd5 28. Bxd5 Rxd5 29. Rh2 Rhd8 30. c4 1/2-1/2

[Event "RA-2015-0-00384"]
[Site "LSS email"]
[Date "2015.04.05"]
[Round "?"]
[White "Latib, Yunus"]
[Black "Usmanoff, Rustam"]
[Result "1/2-1/2"]
[WhiteElo "2100"]
[BlackElo "2308"]
[PlyCount "67"]
[EventDate "2015.03.04"]
[EventType "tourn (corr)"]
[EventRounds "6"]
[EventCountry "GER"]
[SourceTitle "Corr 2022"]
[Source "ChessBase"]
[SourceDate "2021.10.24"]
[SourceVersion "1"]
[SourceVersionDate "2021.10.24"]
[SourceQuality "1"]

1. d4 Nf6 2. c4 e6 3. Nc3 Bb4 4. e3 0-0 5. Bd3 d5 6. Nf3 c5 7. 0-0 Nc6 8. cxd5 exd5 9. dxc5 Bxc5 10. h3 Qe7 11. b3 Rd8 12. Bb2 Ne4 13. Rc1 Bf5 14. Ne2 Rac8 15. Nf4 Bb6 16. Qe2 Bc7 17. Rfd1 Bb8 18. Qe1 Rc7 19. Bb5 Ng5 20. Nxg5 Qxg5 21. Qe2 Ne7 22. Qf3 Rxc1 23. Bxc1 a6 24. Bc4 Bxf4 25. exf4 Qg6 26. Bxd5 Rxd5 27. Rxd5 Nxd5 28. Qxd5 h6 29. Kh2 Be4 30. Qd8+ Kh7 31. f3 Bb1 32. Qd2 Qc2 33. Qxc2+ Bxc2 34. Kg3 1/2-1/2

[Event "WC-2015-P-00019"]
[Site "LSS email"]
[Date "2015.01.19"]
[Round "?"]
[White "Borodin, Sergej"]
[Black "Latib, Yunus"]
[Result "1/2-1/2"]
[WhiteElo "1864"]
[BlackElo "2115"]
[PlyCount "93"]
[EventDate "2015.01.25"]
[EventType "tourn (corr)"]
[EventRounds "12"]
[EventCountry "GER"]
[SourceTitle "Corr 2022"]
[Source "ChessBase"]
[SourceDate "2021.10.24"]
[SourceVersion "1"]
[SourceVersionDate "2021.10.24"]
[SourceQuality "1"]

1. d4 d5 2. c4 dxc4 3. e4 e5 4. Nf3 exd4 5. Bxc4 Nc6 6. 0-0 Be6 7. Bxe6 fxe6 8. Qb3 Qd7 9. Qxb7 Rb8 10. Qa6 Nf6 11. Nbd2 Bd6 12. a3 0-0 13. b4 Ng4 14. Bb2 Nce5 15. Nxe5 Bxe5 16. h3 Rb6 17. Qc4 Nh2 18. Rfe1 Rc6 19. Qd3 Qf7 20. Re2 Qh5 21. Rc1 Rxc1+ 22. Bxc1 h6 23. Bb2 c6 24. Re1 Qg5 25. Bxd4 Rd8 26. Nb3 Bxd4 27. Nxd4 Rxd4 28. Qe3 Qe5 29. f4 Ng4 30. hxg4 Qd6 31. f5 Rd1 32. fxe6 Rxe1+ 33. Qxe1 Qxe6 34. Qe2 Qe5 35. Kf2 Qf4+ 36. Qf3 Qd2+ 37. Kg3 a5 38. bxa5 Qxa5 39. Qd3 Qe5+ 40. Kh3 Qe6 41. Qd8+ Kf7 42. Qc7+ Kf8 43. e5 Qb3+ 44. Kh2 Qxa3 45. Qxc6 Qb4 46. Kh3 Qe1 47. Qd5 1/2-1/2

[Event "WC-2015-P-00019"]
[Site "LSS email"]
[Date "2015.01.19"]
[Round "?"]
[White "Latib, Yunus"]
[Black "Owens, Johnny"]
[Result "1/2-1/2"]
[WhiteElo "2115"]
[BlackElo "1784"]
[PlyCount "73"]
[EventDate "2015.01.25"]
[EventType "tourn (corr)"]
[EventRounds "12"]
[EventCountry "GER"]
[SourceTitle "Corr 2022"]
[Source "ChessBase"]
[SourceDate "2021.10.24"]
[SourceVersion "1"]
[SourceVersionDate "2021.10.24"]
[SourceQuality "1"]

1. d4 e6 2. c4 f5 3. g3 Nf6 4. Bg2 d5 5. Nf3 Bd6 6. 0-0 c6 7. Qc2 0-0 8. Nc3 Nbd7 9. cxd5 exd5 10. Qxf5 Ne5 11. Qc2 Nxf3+ 12. exf3 Ne8 13. Be3 Bf5 14. Qd2 Nc7 15. Rfe1 Ne6 16. a3 Qe7 17. f4 Rae8 18. Na4 Qf6 19. b4 h5 20. h4 Re7 21. Nc5 Rfe8 22. Nxe6 Qxe6 23. a4 Qd7 24. b5 Kh7 25. Qc3 Re6 26. Rac1 cxb5 27. Bxd5 bxa4 28. Bxe6 Qxe6 29. Qa5 Qd7 30. d5 b6 31. Qc3 Bf8 32. Bd4 Rxe1+ 33. Rxe1 Qxd5 34. Re8 Bh3 35. Qd3+ Bf5 36. Qe3 Bh3 37. f3 1/2-1/2

[Event "SA-2014-0-00416"]
[Site "LSS email"]
[Date "2014.07.13"]
[Round "?"]
[White "Latib, Yunus"]
[Black "Susla, Vitaliy"]
[Result "1/2-1/2"]
[WhiteElo "2111"]
[BlackElo "2186"]
[PlyCount "70"]
[EventDate "2014.06.30"]
[EventType "tourn (corr)"]
[EventRounds "6"]
[EventCountry "GER"]
[SourceTitle "Corr 2022"]
[Source "ChessBase"]
[SourceDate "2021.10.24"]
[SourceVersion "1"]
[SourceVersionDate "2021.10.24"]
[SourceQuality "1"]

1. d4 Nf6 2. c4 g6 3. Nc3 Bg7 4. e4 d6 5. Be2 0-0 6. Nf3 e5 7. d5 a5 8. 0-0 Na6 9. Bg5 h6 10. Be3 Ng4 11. Bc1 f5 12. Ne1 Nf6 13. f3 f4 14. Nd3 Nh5 15. Qe1 Nb4 16. Nxb4 axb4 17. Nd1 c5 18. a3 Bf6 19. Nf2 Bh4 20. Qd2 Bd7 21. b3 Qb6 22. Bd3 Nf6 23. Be2 Bxf2+ 24. Rxf2 g5 25. Bd1 bxa3 26. Qd3 Qc7 27. Rfa2 b5 28. Rxa3 Qb7 29. Rxa8 Rxa8 30. Rxa8+ Qxa8 31. cxb5 Qa1 32. b6 Kf7 33. b7 Qa7 34. Qc3 Qxb7 35. Qa5 h5 1/2-1/2

[Event "SA-2014-0-00416"]
[Site "LSS email"]
[Date "2014.07.13"]
[Round "?"]
[White "Latib, Yunus"]
[Black "Zholob, Anatolij"]
[Result "1-0"]
[WhiteElo "2111"]
[BlackElo "2167"]
[PlyCount "105"]
[EventDate "2014.06.30"]
[EventType "tourn (corr)"]
[EventRounds "6"]
[EventCountry "GER"]
[SourceTitle "Corr 2022"]
[Source "ChessBase"]
[SourceDate "2021.10.24"]
[SourceVersion "1"]
[SourceVersionDate "2021.10.24"]
[SourceQuality "1"]

1. d4 d5 2. c4 c6 3. cxd5 cxd5 4. Bf4 Nc6 5. e3 Nf6 6. Nc3 a6 7. Bd3 e6 8. Rc1 Be7 9. Nf3 0-0 10. Ne5 Nxe5 11. Bxe5 Bd7 12. 0-0 Rc8 13. Qf3 g6 14. Bf4 Kg7 15. h3 Qb6 16. Be5 Qxb2 17. Ne2 Rxc1 18. Rxc1 Qd2 19. Rc7 Kg8 20. Nf4 Bd8 21. Rxb7 Qc1+ 22. Kh2 Qc6 23. Rb2 Be8 24. Qg3 Ne4 25. Qg4 Bd7 26. h4 f5 27. Qh3 Nf6 28. f3 Be8 29. Rb8 Be7 30. h5 g5 31. Nxe6 Qxe6 32. Bxf5 Qc6 33. Rc8 Qb6 34. f4 g4 35. Qh4 Kf7 36. Rc7 Rg8 37. h6 Kf8 38. Rxe7 Kxe7 39. Bxh7 g3+ 40. Kh3 Rf8 41. Qg5 Qe6+ 42. Kxg3 Kd8 43. Bf5 Qe7 44. h7 Ne4+ 45. Bxe4 Qxg5+ 46. fxg5 dxe4 47. Bg7 Bg6 48. Bxf8 Bxh7 49. Kf4 Ke8 50. Bc5 Kf7 51. d5 Bg6 52. Ke5 a5 53. Kd6 1-0

[Event "SA-2014-0-00416"]
[Site "LSS email"]
[Date "2014.07.13"]
[Round "?"]
[White "Schenning, Albert"]
[Black "Latib, Yunus"]
[Result "0-1"]
[WhiteElo "2186"]
[BlackElo "2111"]
[PlyCount "22"]
[EventDate "2014.06.30"]
[EventType "tourn (corr)"]
[EventRounds "6"]
[EventCountry "GER"]
[SourceTitle "Corr 2022"]
[Source "ChessBase"]
[SourceDate "2021.10.24"]
[SourceVersion "1"]
[SourceVersionDate "2021.10.24"]
[SourceQuality "1"]

1. e4 e5 2. Nf3 Nc6 3. d4 exd4 4. Nxd4 Nf6 5. Nxc6 bxc6 6. e5 Qe7 7. Qe2 Nd5 8. c4 Ba6 9. b3 g6 10. g3 Bg7 11. Bg2 Bxe5 0-1

[Event "BI-2014-P-0000"]
[Site "LSS email"]
[Date "2014.04.19"]
[Round "?"]
[White "Latib, Yunus"]
[Black "Bujdak, Pavel"]
[Result "1-0"]
[WhiteElo "2111"]
[BlackElo "1676"]
[PlyCount "111"]
[EventDate "2014.04.25"]
[EventType "tourn (corr)"]
[EventRounds "10"]
[EventCountry "GER"]
[SourceTitle "Corr 2022"]
[Source "ChessBase"]
[SourceDate "2021.10.24"]
[SourceVersion "1"]
[SourceVersionDate "2021.10.24"]
[SourceQuality "1"]

1. e4 c5 2. Nf3 d6 3. d4 cxd4 4. Nxd4 Nf6 5. Nc3 a6 6. Be3 e5 7. Nb3 Be6 8. Be2 Be7 9. Qd3 0-0 10. 0-0 Nc6 11. a3 Rc8 12. Nd5 Bxd5 13. exd5 e4 14. Qd2 Ne5 15. Rac1 Re8 16. c4 Nfd7 17. Rc2 h6 18. Nd4 Bg5 19. Nf5 Bxe3 20. fxe3 Nf6 21. Rf4 g6 22. Ng3 h5 23. Rc1 h4 24. Nxe4 Nxe4 25. Rxe4 Nd7 26. Rxe8+ Qxe8 27. Qd4 Qe5 28. Qxe5 Nxe5 29. b4 b6 30. e4 a5 31. Rb1 Kf8 32. Kf2 Ke7 33. c5 dxc5 34. bxa5 bxa5 35. Ke3 Ra8 36. Kf4 f6 37. Rb7+ Kd6 38. Ke3 Nd7 39. Bb5 Ne5 40. a4 h3 41. gxh3 Rh8 42. Bf1 c4 43. Rb6+ Kc5 44. Rb5+ Kd6 45. Kd4 Nf3+ 46. Kc3 Ke5 47. Rxa5 Ng5 48. Bg2 Nxe4+ 49. Bxe4 Kxe4 50. Kxc4 f5 51. d6 Rc8+ 52. Rc5 Rd8 53. Rc6 f4 54. Kc5 f3 55. Rc7 Rf8 56. Re7+ 1-0

[Event "BI-2014-P-0000"]
[Site "LSS email"]
[Date "2014.04.19"]
[Round "?"]
[White "Latib, Yunus"]
[Black "Wosch, Arkadiusz Janusz"]
[Result "1/2-1/2"]
[WhiteElo "2111"]
[BlackElo "2308"]
[PlyCount "51"]
[EventDate "2014.04.25"]
[EventType "tourn (corr)"]
[EventRounds "10"]
[EventCountry "GER"]
[SourceTitle "Corr 2022"]
[Source "ChessBase"]
[SourceDate "2021.10.24"]
[SourceVersion "1"]
[SourceVersionDate "2021.10.24"]
[SourceQuality "1"]

1. d4 Nf6 2. c4 e6 3. Nf3 d5 4. Nc3 c6 5. e3 Nbd7 6. Qc2 Bd6 7. Be2 0-0 8. 0-0 dxc4 9. Bxc4 b5 10. Be2 Bb7 11. Rd1 Qc7 12. e4 e5 13. g3 Rfe8 14. dxe5 Nxe5 15. Bg5 Neg4 16. h3 Bxg3 17. hxg4 Nxg4 18. Be3 b4 19. Na4 Nxe3 20. fxe3 Re6 21. Nc5 Rg6 22. Rd7 Bh4+ 23. Kh1 Qg3 24. Rg1 Qh3+ 25. Nh2 Rxg1+ 26. Kxg1 1/2-1/2

[Event "BI-2014-P-0000"]
[Site "LSS email"]
[Date "2014.04.19"]
[Round "?"]
[White "Pech, Stepan"]
[Black "Latib, Yunus"]
[Result "0-1"]
[WhiteElo "1272"]
[BlackElo "2111"]
[PlyCount "84"]
[EventDate "2014.04.25"]
[EventType "tourn (corr)"]
[EventRounds "10"]
[EventCountry "GER"]
[SourceTitle "Corr 2022"]
[Source "ChessBase"]
[SourceDate "2021.10.24"]
[SourceVersion "1"]
[SourceVersionDate "2021.10.24"]
[SourceQuality "1"]

1. c4 e5 2. Nc3 Nf6 3. Nf3 Nc6 4. g3 Bb4 5. Bg2 0-0 6. 0-0 e4 7. Ne1 Bxc3 8. dxc3 h6 9. Nc2 d6 10. Ne3 Re8 11. Qc2 a5 12. a4 b6 13. b3 Bb7 14. Nd5 Nb8 15. Rd1 Nbd7 16. Bf4 Nc5 17. Be3 Ncd7 18. h3 Nc5 19. Bd4 Ncd7 20. Rab1 Ra7 21. Qc1 Nxd5 22. cxd5 Bxd5 23. Bxg7 Kxg7 24. Rxd5 Qf6 25. Rh5 Nc5 26. Rh4 Re5 27. Qd1 d5 28. Rg4+ Kf8 29. Rf4 Qd6 30. Qc2 Kg8 31. Rd1 f5 32. e3 c6 33. Bf1 Rd7 34. Be2 Kh7 35. Kh2 Qe7 36. Rh4 Ne6 37. Kg2 c5 38. Qc1 Qf6 39. Bb5 Rd8 40. Be2 Ng7 41. Rd2 Re7 42. Qd1 Red7 0-1

[Event "SA-2014-0-00393"]
[Site "LSS email"]
[Date "2014.02.10"]
[Round "?"]
[White "Latib, Yunus"]
[Black "Rahde, Frank"]
[Result "1/2-1/2"]
[WhiteElo "1982"]
[BlackElo "2050"]
[PlyCount "33"]
[EventDate "2014.01.09"]
[EventType "tourn (corr)"]
[EventRounds "6"]
[EventCountry "GER"]
[SourceTitle "Telechess CBM 167"]
[Source "ChessBase"]
[SourceDate "2015.07.13"]
[SourceVersion "1"]
[SourceVersionDate "2015.07.13"]
[SourceQuality "1"]

1. d4 Nf6 2. c4 e6 3. Nc3 Bb4 4. e3 0-0 5. Bd3 d5 6. Nf3 c5 7. 0-0 dxc4 8. Bxc4 cxd4 9. exd4 Nbd7 10. Qb3 Be7 11. Rd1 Nb6 12. Bd3 Bd7 13. Ne5 Bc6 14. Nxc6 bxc6 15. a3 Nbd5 16. Na4 Qc7 17. g3 1/2-1/2

[Event "SA-2014-0-00393"]
[Site "LSS email"]
[Date "2014.02.10"]
[Round "?"]
[White "Willmann, Bernd"]
[Black "Latib, Yunus"]
[Result "1/2-1/2"]
[WhiteElo "2075"]
[BlackElo "1982"]
[PlyCount "87"]
[EventDate "2014.01.09"]
[EventType "tourn (corr)"]
[EventRounds "6"]
[EventCountry "GER"]
[SourceTitle "Telechess CBM 167"]
[Source "ChessBase"]
[SourceDate "2015.07.13"]
[SourceVersion "1"]
[SourceVersionDate "2015.07.13"]
[SourceQuality "1"]

1. c4 e5 2. Nc3 Nf6 3. g3 Bb4 4. Bg2 Nc6 5. Nf3 0-0 6. 0-0 d6 7. d3 h6 8. Nd2 Bg4 9. h3 Bd7 10. e3 a5 11. g4 Be6 12. a3 Bc5 13. b3 Nd7 14. Nde4 f5 15. gxf5 Bxf5 16. Bd2 Bb6 17. Kh2 Ne7 18. Qe2 Be6 19. Rg1 Kh8 20. Bh1 Nf5 21. Nd5 Bxd5 22. cxd5 Nf6 23. Nxf6 Rxf6 24. Rac1 Qg8 25. Qg4 g5 26. Be1 Qf7 27. Be4 Rf8 28. Bxf5 Rxf5 29. Rc2 Rf6 30. Qe4 Qh5 31. Qg4 Qg6 32. Qe4 Qf7 33. Rg3 Rf5 34. Rg2 Qh5 35. Qg4 Qe8 36. Qe4 Qf7 37. Rg3 Qh5 38. Qg4 Qe8 39. Qe4 R8f6 40. b4 Qa4 41. Qc4 axb4 42. axb4 Qe8 43. Qg4 Rf8 44. Qe4 1/2-1/2

[Event "RA-2013-0-00307"]
[Site "LSS email"]
[Date "2013.12.30"]
[Round "?"]
[White "Borisovs, Leonids"]
[Black "Latib, Yunus"]
[Result "1/2-1/2"]
[WhiteElo "2136"]
[BlackElo "1978"]
[PlyCount "165"]
[EventDate "2013.12.08"]
[EventType "tourn (corr)"]
[EventRounds "6"]
[EventCountry "GER"]
[SourceTitle "Telechess CBM 167"]
[Source "ChessBase"]
[SourceDate "2015.07.13"]
[SourceVersion "1"]
[SourceVersionDate "2015.07.13"]
[SourceQuality "1"]

1. d4 c5 2. e4 cxd4 3. Nf3 d6 4. Nxd4 Nf6 5. Nc3 a6 6. Be3 e5 7. Nb3 Be6 8. Qd2 Be7 9. f3 0-0 10. 0-0-0 Nbd7 11. g4 b5 12. g5 Nh5 13. Nd5 Bxd5 14. exd5 f6 15. h4 Ng3 16. Rg1 Nxf1 17. Rdxf1 a5 18. Qd3 a4 19. Nd2 f5 20. Qxb5 Qc7 21. Rg2 Rfc8 22. Qd3 g6 23. h5 Nc5 24. Bxc5 Qxc5 25. Rh2 Rab8 26. hxg6 hxg6 27. Rh6 Kg7 28. f4 Qb4 29. Rfh1 Qxb2+ 30. Kd1 Bf8 31. Qh3 Kf7 32. Rh7+ Ke8 33. Rh8 exf4 34. c3 Qa1+ 35. Ke2 Qxc3 36. Qxc3 Rxc3 37. Rxf8+ Kxf8 38. Rh8+ Ke7 39. Rxb8 Rc2 40. Rb7+ Ke8 41. a3 Ra2 42. Rb4 f3+ 43. Ke3 Rxa3+ 44. Kf2 Ra2 45. Rd4 Kd7 46. Kxf3 Ra1 47. Rc4 a3 48. Ra4 a2 49. Ra7+ Kc8 50. Ke2 Kb8 51. Ra3 Kc7 52. Kd3 Kb6 53. Nb3 Rb1 54. Kc3 a1R 55. Nxa1 Kc5 56. Nb3+ Kxd5 57. Ra5+ Kc6 58. Nd4+ Kb6 59. Ra3 Rg1 60. Rb3+ Kc7 61. Kc4 Kd7 62. Nf3 Ra1 63. Rb7+ Kc6 64. Rg7 Ra4+ 65. Kd3 Ra3+ 66. Ke2 Kd5 67. Rxg6 Ke4 68. Ne1 Ra2+ 69. Kf1 Kf4 70. Rg8 Ra1 71. Ke2 Ra2+ 72. Kd3 Ra3+ 73. Kd2 Ra7 74. Nc2 Ke4 75. Nb4 f4 76. Ke1 d5 77. g6 Kf5 78. Kf2 d4 79. Nc6 Ra2+ 80. Ke1 f3 81. Nxd4+ Kf6 82. Nxf3 Ra4 83. Kf2 1/2-1/2

[Event "RA-2013-0-00307"]
[Site "LSS email"]
[Date "2013.12.30"]
[Round "?"]
[White "Latib, Yunus"]
[Black "Ress, Jacques"]
[Result "1/2-1/2"]
[WhiteElo "1978"]
[BlackElo "2156"]
[PlyCount "87"]
[EventDate "2013.12.08"]
[EventType "tourn (corr)"]
[EventRounds "6"]
[EventCountry "GER"]
[SourceTitle "Telechess CBM 167"]
[Source "ChessBase"]
[SourceDate "2015.07.13"]
[SourceVersion "1"]
[SourceVersionDate "2015.07.13"]
[SourceQuality "1"]

1. d4 e6 2. e4 d5 3. Nc3 Nf6 4. Bg5 Bb4 5. e5 h6 6. exf6 hxg5 7. fxg7 Rg8 8. a3 Bxc3+ 9. bxc3 Qf6 10. c4 Nc6 11. c3 Bd7 12. Qf3 Qxg7 13. cxd5 exd5 14. Bd3 0-0-0 15. Kf1 Rh8 16. Re1 Qf8 17. a4 Qd6 18. Bf5 Kb8 19. Qg4 Bxf5 20. Qxf5 Qa3 21. Ne2 Rhg8 22. Qc2 Rde8 23. g3 Na5 24. Kg2 Nc4 25. Nc1 Nb6 26. Nd3 Qxa4 27. Qxa4 Nxa4 28. Rxe8+ Rxe8 29. Rc1 Kc8 30. h4 gxh4 31. gxh4 Kd7 32. Kh3 Nb6 33. Nc5+ Kc6 34. Rb1 a5 35. h5 a4 36. Kh4 a3 37. h6 Nc4 38. Rxb7 Re2 39. Rb1 a2 40. Rh1 Rb2 41. h7 Rb1 42. Rh3 Rb8 43. Rh1 Rh8 44. Ra1 1/2-1/2

[Event "RA-2013-0-00306"]
[Site "LSS email"]
[Date "2013.12.30"]
[Round "?"]
[White "Morcin, Tom"]
[Black "Latib, Yunus"]
[Result "0-1"]
[WhiteElo "2079"]
[BlackElo "1986"]
[PlyCount "48"]
[EventDate "2013.12.06"]
[EventType "tourn (corr)"]
[EventRounds "6"]
[EventCountry "GER"]
[SourceTitle "Telechess CBM 167"]
[Source "ChessBase"]
[SourceDate "2015.07.13"]
[SourceVersion "1"]
[SourceVersionDate "2015.07.13"]
[SourceQuality "1"]

1. e4 c5 2. Nf3 d6 3. d4 cxd4 4. Nxd4 Nf6 5. Nc3 a6 6. g3 e5 7. Nde2 Be7 8. Bg2 0-0 9. 0-0 Be6 10. h3 Nbd7 11. a4 Nc5 12. Bg5 Rc8 13. a5 b5 14. axb6 Qxb6 15. b3 Rfe8 16. Bxf6 Bxf6 17. Nd5 Bxd5 18. Qxd5 Ne6 19. Qd3 Nc5 20. Qe3 Qb7 21. Rfb1 Rc6 22. b4 Ne6 23. Qd3 Qb5 24. c3 Qxd3 0-1

[Event "RA-2013-0-00306"]
[Site "LSS email"]
[Date "2013.12.29"]
[Round "?"]
[White "Husemann, Andreas"]
[Black "Latib, Yunus"]
[Result "1/2-1/2"]
[WhiteElo "2072"]
[BlackElo "1986"]
[PlyCount "102"]
[EventDate "2013.12.06"]
[EventType "tourn (corr)"]
[EventRounds "6"]
[EventCountry "GER"]
[SourceTitle "Telechess CBM 167"]
[Source "ChessBase"]
[SourceDate "2015.07.13"]
[SourceVersion "1"]
[SourceVersionDate "2015.07.13"]
[SourceQuality "1"]

1. d4 Nf6 2. c4 e6 3. g3 d5 4. Nf3 Bb4+ 5. Bd2 Be7 6. Bg2 0-0 7. 0-0 c6 8. Bf4 dxc4 9. Ne5 Nd5 10. Nxc4 Nxf4 11. gxf4 Nd7 12. e3 Nb6 13. Nbd2 Nd5 14. Rc1 f6 15. Qh5 g6 16. Qe2 a5 17. Ne4 b6 18. Rfd1 a4 19. a3 Qd7 20. h4 Kh8 21. Qc2 Ba6 22. Ng3 Rfc8 23. h5 gxh5 24. Nxh5 b5 25. Nd2 b4 26. Ne4 bxa3 27. bxa3 Bxa3 28. Ra1 Qe7 29. f5 Bb5 30. fxe6 Rg8 31. Neg3 Bd6 32. Rdb1 Bxg3 33. fxg3 Nxe3 34. Qe4 Nc4 35. Re1 Rg5 36. Bf3 Nd6 37. Qf4 Nf5 38. Kf2 Rf8 39. Rac1 a3 40. Rc5 Nd6 41. Kg2 a2 42. Ra1 Rxc5 43. dxc5 Nb7 44. Rxa2 Nxc5 45. Bg4 Nxe6 46. Qe4 Qc5 47. Rc2 Ng5 48. Qxh7+ Kxh7 49. Rxc5 Kh6 50. Rf5 Kg6 51. Nf4+ Kf7 1/2-1/2